Online
Catalog

Formas del zen : (Record no. 34327)

MARC details
000 -CABECERA
campo de control de longitud fija 00676nam a2200193 a 4500
001 - NÚMERO DE CONTROL
campo de control 000034836
005 - FECHA Y HORA DE LA ÚLTIMA TRANSACCIÓN
campo de control 20260213092102.0
008 - DATOS DE LONGITUD FIJA--INFORMACIÓN GENERAL
campo de control de longitud fija 111020s1975 ag 000 0 spa d
040 ## - FUENTE DE LA CATALOGACIÓN
Centro catalogador/agencia de origen DO-SdBNP
Lengua de catalogación spa
Centro/agencia transcriptor BNPHU
082 ## - NÚMERO DE LA CLASIFICACIÓN DECIMAL DEWEY
Número de clasificación 294.3927
Número de documento/Ítem W348f
100 1# - ENTRADA PRINCIPAL--NOMBRE DE PERSONA
Nombre de persona Watts, Alan W.
9 (RLIN) 60361
240 10 - TÍTULO UNIFORME
Título uniforme This is it
Lenguaje de la obra Español
245 10 - MENCIÓN DE TÍTULO
Título Formas del zen :
Resto del título y otros ensayos sobre el zen y la experiencia espiritual /
Mención de responsabilidad, etc. Alan W. Watts , traducción Zohar Ramón Del Campo.
260 ## - PUBLICACIÓN, DISTRIBUCIÓN, ETC.
Lugar de publicación, distribución, etc. Buenos Aires, Argentina :
Nombre del editor, distribuidor, etc. Dedalo,
Fecha de publicación, distribución, etc. 1975.
300 ## - DESCRIPCIÓN FÍSICA
Extensión 155 p. ;
Dimensiones 20 cm.
650 #0 - PUNTO DE ACCESO ADICIONAL DE MATERIA--TÉRMINO DE MATERIA
Término de materia o nombre geográfico como elemento de entrada Budismo (Zen)
9 (RLIN) 11165
650 #4 - PUNTO DE ACCESO ADICIONAL DE MATERIA--TÉRMINO DE MATERIA
Término de materia o nombre geográfico como elemento de entrada Filosofía y religión
9 (RLIN) 45620
700 12 - PUNTO DE ACCESO ADICIONAL--NOMBRE DE PERSONA
Nombre de persona Campo, Zohar Ramón del,
Término indicativo de función/relación tr.
9 (RLIN) 60362
Holdings
Estado de retiro Estado de pérdida Restricciones de uso No para préstamo Código de colección Localización permanente Ubicación/localización actual Ubicación en estantería Fecha de adquisición Número de inventario Total de préstamos Signatura topográfica completa Código de barras Fecha visto por última vez Precio válido a partir de Tipo de ítem Koha Nota pública
      Excluido de préstamo Monografías: Libros y Folletos General General Depósito 20.10.2011 LF1   294.3927 W348f 34836-10 25.06.2020 25.06.2020 No se presta Perteneció a la biblioteca personal de Juan Isidro Jimenes- Grullón

Powered by Koha